00505nam a2200157Ia 4500008004000000082001800040100001700058245002700075260003000102300000800132650002000140690002800160906001100188999001700199952013100216210210b1977 xxu||||| |||| 00| 0 eng d a510.2462 VIST aVISHWA NATH. aTechnical mathematics. aNDbSatya Prakashanc1977 a838 aTechnical maths aEngineering Mathematics a034613 c85359d85359 001040708MathematicsaALbALcMathematicsd2021-02-17g35.00l0o510.2462 VISTp034613r2021-02-17 00:00:00w2021-02-17yBK